| 000 | 00640nam a22001937a 4500 | ||
|---|---|---|---|
| 003 | OSt | ||
| 005 | 20160407125932.0 | ||
| 008 | 160318b xxu||||| |||| 00| 0 eng d | ||
| 020 | _a0754665229 | ||
| 040 |
_aKABU _cKABU |
||
| 050 |
_aMT3 _bU5G74 2008 |
||
| 100 | _a Green, Lucy | ||
| 245 |
_aMusic, Informal Learning and the School _ba new classroom pedagogy _cLucy Green |
||
| 260 |
_aSurrey, England _bAshgate publishing _c2008 |
||
| 300 | _axi, 213p. | ||
| 610 |
_aSchool music _xInstruction and study |
||
| 650 |
_aSchool music _vInstruction and study _zUnited States |
||
| 942 |
_2lcc _cBK _hMT3 U5G74 2008 c. 1 |
||
| 999 |
_c15845 _d15845 |
||